| 000 | 00995nam a22003257a 4500 | ||
|---|---|---|---|
| 001 | 0070796 | ||
| 003 | KOHA_MİRAKIL | ||
| 005 | 20260207004940.0 | ||
| 007 | ta | ||
| 008 | 240329b2006 tu |||grd|||#0|||1|rus | | ||
| 020 | _a9780198610069 | ||
| 040 |
_aTR-BiSEU _btur _cTR-BiSEU _erda |
||
| 041 | 0 |
_arus _aeng |
|
| 044 | _ctu | ||
| 050 |
_aPG2640 _b.P63 2006 |
||
| 245 | 1 |
_aPocket Oxford Russian dictionary/ _cedited by Della Thompson. |
|
| 250 | _a3. edition | ||
| 264 | 1 |
_aNew York : _bOxford University Press _c2006 |
|
| 300 | _aXL, 920 page: illustrated; 20 cm. | ||
| 336 |
_ametin _btxt _2rdacontent |
||
| 337 |
_aaracısız _bn _2rdamedia |
||
| 338 |
_acilt _bnc _2rdacarrier |
||
| 500 | _a | ||
| 650 | 0 |
_aEnglish language--Dictionaries--Russian. _9138488 |
|
| 650 | 0 |
_aRussian language--Dictionaries--English. _9138489 |
|
| 650 | 0 |
_aİngiliz dili--Sözlükler--Rusça. _9138490 |
|
| 650 | 0 |
_aRus dili--Sözlükler--İngilizce. _9138491 |
|
| 907 | _aSözlük | ||
| 942 |
_2lcc _cBK |
||
| 999 |
_c71544 _d71544 |
||